000
00166nam a22000857a 4500
082
_a
621.4021BRI
100
_a
Brijlal
245
_a
Heat and thermodynamics
942
_c
BK
999
_c
15253
_d
15253